Manual de métodos para la caracterización y monitoreo de arrecifes de coral (Registro nro. 900)

Detalles MARC
000 -CABECERA
Campo de control 00731nam a2200241 a 4500
005 - FECHA Y HORA DE LA ULTIMA TRANSACCION
Campo de control 20151120115645.0
008 - ELEMENTOS DE LONGITUD FIJA—INFORMACION GENERAL
Campo de control 140224b1994 -Us||||| |||| 00| 0 eng d
040 ## - FUENTE DE CATALOGACIÓN
Agencia catalogadora original CO-BoIAVH
Agencia transcriptora CO-BoIAVH
041 ## - IDIOMA
Código de idioma para texto/pista de sonido o título separado Español
044 ## - PAÍS DE PUBLICACIÓN
País de publicación Estados Unidos
090 ## - CLASIFICACIÓN LOCAL
Colección LB
Consecutivo 00888
100 ## - ASIENTO PRINCIPAL--NOMBRE PERSONAL
Nombre personal Cintrón, Gilberto
245 ## - MENCION DE TITULO
Título Manual de métodos para la caracterización y monitoreo de arrecifes de coral
260 ## - PUBLICACION, DISTRIBUCION, ETC. (PIE DE IMPRENTA)
Lugar de publicación, distribución, etc. Washington
Nombre del editor, distribuidor, etc. WWF International
Fecha de publicación, distribución, etc. 1994
300 ## - DESCRIPCION FISICA
Extensión 67 p.
650 ## - ASIENTO SECUNDARIO DE MATERIA - TERMINO TEMATICO
Término temático o nombre geográfico como elemento de entrada Métodos de campo
650 ## - ASIENTO SECUNDARIO DE MATERIA - TERMINO TEMATICO
Término temático o nombre geográfico como elemento de entrada Monitoreo biológico
650 ## - ASIENTO SECUNDARIO DE MATERIA - TERMINO TEMATICO
Término temático o nombre geográfico como elemento de entrada Arrecifes coralinos
650 ## - ASIENTO SECUNDARIO DE MATERIA - TERMINO TEMATICO
Término temático o nombre geográfico como elemento de entrada Caracterización biológica
700 ## - ASIENTO SECUNDARIO - NOMBRE PERSONAL
Nombre personal García, Jorge Reni
700 ## - ASIENTO SECUNDARIO - NOMBRE PERSONAL
Nombre personal Geraldes, Francisco
942 ## - ELEMENTOS ADICIONALES (KOHA)
Tipo de ítem Informe Técnico
Sistema de clasificación Local
Existencias
Withdrawn status Lost status Sistema de Clasificación Damaged status No para préstamo Colección Inventariado Ubicación Permanente Ubicación actual Fecha de adquisición Total Checkouts Número topográfico Inventario / Código de Barras Date last seen Ejemplar Price effective from Forma de adquisición Tipo de material
    Local     General Inventariado 2017 Bogotá Bogotá 13/01/1999   LB-00888 001259 04/12/2012 Ej. 1 04/12/2012   Informe Técnico